<?xml version="1.0" encoding="UTF-8"?>
<collection xmlns="http://www.loc.gov/MARC21/slim">
 <record>
  <leader>00838nam a22001935a 4500</leader>
  <controlfield tag="001">EHU.bham052651</controlfield>
  <controlfield tag="008">250922s2024##################000#0#####d</controlfield>
  <controlfield tag="005">20250922110103.0</controlfield>
  <datafield tag="245" ind1="1" ind2="0">
   <subfield code="a">Trabajo Social crítico en la contemporaneidad :</subfield>
   <subfield code="b">disputas por la autonomía profesional en los procesos de intervención /</subfield>
   <subfield code="c">comp. por Marta Cimarosti, Nicolás Pellegrini ; Marilda Iamamoto ... [et al.].</subfield>
  </datafield>
  <datafield tag="260" ind1=" " ind2=" ">
   <subfield code="a">La Plata :</subfield>
   <subfield code="b">Colegio de Asistentes Sociales o Trabajadores Sociales de la Provincia de Buenos Aires,</subfield>
   <subfield code="c">2024.</subfield>
  </datafield>
  <datafield tag="300" ind1=" " ind2=" ">
   <subfield code="a">322 p.</subfield>
  </datafield>
  <datafield tag="700" ind1="1" ind2=" ">
   <subfield code="a">Cimarosti, Marta, comp.</subfield>
  </datafield>
  <datafield tag="700" ind1="1" ind2=" ">
   <subfield code="a">Pellegrini, Nicolás, comp.</subfield>
  </datafield>
  <datafield tag="700" ind1="1" ind2=" ">
   <subfield code="a">Iamamoto, Marilda.</subfield>
  </datafield>
  <datafield tag="082" ind1="3" ind2="0">
   <subfield code="a">361.3 T758</subfield>
  </datafield>
  <datafield tag="653" ind1=" " ind2=" ">
   <subfield code="a">Actuación profesional</subfield>
  </datafield>
  <datafield tag="653" ind1=" " ind2=" ">
   <subfield code="a">Trabajo social</subfield>
  </datafield>
  <datafield tag="653" ind1=" " ind2=" ">
   <subfield code="a">Educación y trabajo social</subfield>
  </datafield>
  <datafield tag="859" ind1=" " ind2=" ">
   <subfield code="a">AR-BHAM</subfield>
   <subfield code="b">BIB. HUMANIDADES - General</subfield>
   <subfield code="h">361.3</subfield>
   <subfield code="i">T758</subfield>
   <subfield code="p">150.25</subfield>
   <subfield code="t">1</subfield>
  </datafield>
 </record>
</collection>
